<?xml version="1.0" encoding="UTF-8"?>
<record
    xmlns:xsi="http://www.w3.org/2001/XMLSchema-instance"
    xsi:schemaLocation="http://www.loc.gov/MARC21/slim http://www.loc.gov/standards/marcxml/schema/MARC21slim.xsd"
    xmlns="http://www.loc.gov/MARC21/slim">

  <leader>00730nam a22002057a 4500</leader>
  <controlfield tag="003">OSt</controlfield>
  <controlfield tag="005">20150408114054.0</controlfield>
  <controlfield tag="008">120729s2010    ua ak  | b    000 0 ara d</controlfield>
  <datafield tag="020" ind1=" " ind2=" ">
    <subfield code="a">977619057X</subfield>
  </datafield>
  <datafield tag="040" ind1=" " ind2=" ">
    <subfield code="a">MU</subfield>
  </datafield>
  <datafield tag="082" ind1=" " ind2=" ">
    <subfield code="2">21</subfield>
    <subfield code="a">371.144</subfield>
    <subfield code="b">&#x639; &#x639; &#x642;</subfield>
  </datafield>
  <datafield tag="100" ind1=" " ind2="1">
    <subfield code="a">&#x639;&#x644;&#x64A;&#x60C; &#x639;&#x645;&#x627;&#x62F; &#x623;&#x62D;&#x645;&#x62F; &#x62D;&#x633;&#x646;.</subfield>
    <subfield code="9">16731</subfield>
  </datafield>
  <datafield tag="245" ind1=" " ind2=" ">
    <subfield code="a">&#x627;&#x644;&#x642;&#x64A;&#x627;&#x633; &#x627;&#x644;&#x646;&#x641;&#x633;&#x64A; &#x648;&#x627;&#x644;&#x62A;&#x642;&#x648;&#x64A;&#x645; &#x627;&#x644;&#x62A;&#x631;&#x628;&#x648;&#x64A; &#x644;&#x644;&#x645;&#x639;&#x644;&#x645;&#x64A;&#x646; &#x628;&#x64A;&#x646; &#x627;&#x644;&#x646;&#x638;&#x631;&#x64A;&#x629; &#x648;&#x627;&#x644;&#x62A;&#x637;&#x628;&#x64A;&#x642; /</subfield>
    <subfield code="c">&#x639;&#x645;&#x627;&#x62F; &#x623;&#x62D;&#x645;&#x62F; &#x62D;&#x633;&#x646; &#x639;&#x644;&#x64A;.</subfield>
  </datafield>
  <datafield tag="250" ind1=" " ind2=" ">
    <subfield code="a">&#x637;. 1.</subfield>
  </datafield>
  <datafield tag="260" ind1=" " ind2=" ">
    <subfield code="a">&#x627;&#x644;&#x642;&#x627;&#x647;&#x631;&#x629; :</subfield>
    <subfield code="b">&#x62F;&#x627;&#x631; &#x627;&#x644;&#x633;&#x62D;&#x627;&#x628;&#x60C;</subfield>
    <subfield code="c">2010</subfield>
  </datafield>
  <datafield tag="300" ind1=" " ind2=" ">
    <subfield code="a">238 &#x635;. :</subfield>
    <subfield code="b">&#x625;&#x64A;&#x636;. &#x61B;</subfield>
    <subfield code="c">24 &#x633;&#x645;.</subfield>
  </datafield>
  <datafield tag="650" ind1=" " ind2=" ">
    <subfield code="a">&#x627;&#x644;&#x645;&#x62F;&#x631;&#x633;&#x648;&#x646;</subfield>
    <subfield code="x"> &#x62A;&#x642;&#x62F;&#x64A;&#x631;.</subfield>
    <subfield code="9">16732</subfield>
  </datafield>
  <datafield tag="650" ind1=" " ind2=" ">
    <subfield code="a">&#x627;&#x644;&#x645;&#x62F;&#x631;&#x633;&#x648;&#x646;</subfield>
    <subfield code="x">&#x639;&#x644;&#x645; &#x646;&#x641;&#x633;.</subfield>
    <subfield code="9">16733</subfield>
  </datafield>
  <datafield tag="942" ind1=" " ind2=" ">
    <subfield code="2">ddc</subfield>
    <subfield code="c">DVD</subfield>
  </datafield>
  <datafield tag="999" ind1=" " ind2=" ">
    <subfield code="c">25319</subfield>
    <subfield code="d">259819</subfield>
  </datafield>
  <datafield tag="952" ind1=" " ind2=" ">
    <subfield code="1">0</subfield>
    <subfield code="2">2013-03-10</subfield>
    <subfield code="4">0</subfield>
    <subfield code="7">0</subfield>
    <subfield code="a">371.144 &#x639; &#x639; &#x642;</subfield>
    <subfield code="c">&#x646;.1</subfield>
    <subfield code="d">2012-07-29</subfield>
    <subfield code="h">CL</subfield>
    <subfield code="i">00109360</subfield>
    <subfield code="m">CL</subfield>
    <subfield code="r">2013-03-10 00:00:00</subfield>
    <subfield code="t">BOOK</subfield>
    <subfield code="w">ddc</subfield>
    <subfield code="y">0</subfield>
  </datafield>
  <datafield tag="952" ind1=" " ind2=" ">
    <subfield code="1">0</subfield>
    <subfield code="2">2013-03-10</subfield>
    <subfield code="4">0</subfield>
    <subfield code="7">0</subfield>
    <subfield code="a">371.144 &#x639; &#x639; &#x642;</subfield>
    <subfield code="c">&#x646;.2</subfield>
    <subfield code="d">2012-07-29</subfield>
    <subfield code="h">CL</subfield>
    <subfield code="i">00109361</subfield>
    <subfield code="m">CL</subfield>
    <subfield code="r">2013-03-10 00:00:00</subfield>
    <subfield code="t">BOOK</subfield>
    <subfield code="w">ddc</subfield>
    <subfield code="y">0</subfield>
  </datafield>
  <datafield tag="952" ind1=" " ind2=" ">
    <subfield code="1">0</subfield>
    <subfield code="2">2013-03-10</subfield>
    <subfield code="4">0</subfield>
    <subfield code="7">0</subfield>
    <subfield code="a">371.144 &#x639; &#x639; &#x642;</subfield>
    <subfield code="c">&#x646;.3</subfield>
    <subfield code="d">2012-07-29</subfield>
    <subfield code="h">CL</subfield>
    <subfield code="i">00109362</subfield>
    <subfield code="m">CL</subfield>
    <subfield code="r">2013-03-10 00:00:00</subfield>
    <subfield code="t">BOOK</subfield>
    <subfield code="w">ddc</subfield>
    <subfield code="y">0</subfield>
  </datafield>
  <datafield tag="952" ind1=" " ind2=" ">
    <subfield code="1">0</subfield>
    <subfield code="2">2013-03-10</subfield>
    <subfield code="4">0</subfield>
    <subfield code="7">0</subfield>
    <subfield code="a">371.144 &#x639; &#x639; &#x642;</subfield>
    <subfield code="c">&#x646;.1</subfield>
    <subfield code="d">2012-07-29</subfield>
    <subfield code="h">EMF</subfield>
    <subfield code="i">00109363</subfield>
    <subfield code="m">EMF</subfield>
    <subfield code="q">2015-10-28</subfield>
    <subfield code="r">2015-11-09 00:00:00</subfield>
    <subfield code="t">BOOK</subfield>
    <subfield code="w">ddc</subfield>
    <subfield code="y">1</subfield>
  </datafield>
  <datafield tag="952" ind1=" " ind2=" ">
    <subfield code="1">0</subfield>
    <subfield code="2">2013-03-10</subfield>
    <subfield code="4">0</subfield>
    <subfield code="7">0</subfield>
    <subfield code="a">371.144 &#x639; &#x639; &#x642;</subfield>
    <subfield code="c">&#x646;.2</subfield>
    <subfield code="d">2012-07-29</subfield>
    <subfield code="h">EMF</subfield>
    <subfield code="i">00109364</subfield>
    <subfield code="m">EMF</subfield>
    <subfield code="r">2013-03-10 00:00:00</subfield>
    <subfield code="t">BOOK</subfield>
    <subfield code="w">ddc</subfield>
    <subfield code="y">0</subfield>
  </datafield>
  <datafield tag="952" ind1=" " ind2=" ">
    <subfield code="1">0</subfield>
    <subfield code="2">2013-03-10</subfield>
    <subfield code="4">0</subfield>
    <subfield code="7">0</subfield>
    <subfield code="a">371.144 &#x639; &#x639; &#x642;</subfield>
    <subfield code="c">&#x646;.1</subfield>
    <subfield code="d">2012-07-29</subfield>
    <subfield code="h">EZF</subfield>
    <subfield code="i">00109365</subfield>
    <subfield code="m">EZF</subfield>
    <subfield code="q">2015-10-06</subfield>
    <subfield code="r">2015-10-12 00:00:00</subfield>
    <subfield code="t">BOOK</subfield>
    <subfield code="w">ddc</subfield>
    <subfield code="y">3</subfield>
  </datafield>
  <datafield tag="952" ind1=" " ind2=" ">
    <subfield code="1">0</subfield>
    <subfield code="2">2013-03-10</subfield>
    <subfield code="4">0</subfield>
    <subfield code="7">0</subfield>
    <subfield code="a">371.144 &#x639; &#x639; &#x642;</subfield>
    <subfield code="c">&#x646;.2</subfield>
    <subfield code="d">2012-07-29</subfield>
    <subfield code="h">EZF</subfield>
    <subfield code="i">00109366</subfield>
    <subfield code="m">EZF</subfield>
    <subfield code="q">2015-02-04</subfield>
    <subfield code="r">2015-02-08 00:00:00</subfield>
    <subfield code="t">BOOK</subfield>
    <subfield code="w">ddc</subfield>
    <subfield code="y">2</subfield>
  </datafield>
</record>
